[Event "NAYCC U14 w"]
[Site "Toronto CAN"]
[Date "2013.08.16"]
[Round "4"]
[White "Pobereshnikova, Agniya"]
[Black "Ding, Kimberly"]
[Result "0-1"]
[WhiteElo "1547"]
[BlackElo "2012"]
[PlyCount "60"]
[GameId "2160767909284227"]
[EventDate "2013.08.14"]
[EventType "swiss"]
[EventRounds "9"]
[EventCountry "CAN"]
[SourceTitle "hb 2013"]

1. e4 e6 2. d4 d5 3. Nd2 Nf6 4. e5 Nfd7 5. Ngf3 c5 6. c3 Nc6 7. Bd3 cxd4 8. cxd4 f6 9. O-O Be7 10. Re1 O-O 11. Nf1 fxe5 12. dxe5 Bb4 13. Bd2 Bxd2 14. Qxd2 Rxf3 15. gxf3 Ndxe5 16. Qe3 Qf6 17. Nd2 Nxd3 18. Qxd3 Nb4 19. Qe2 Nc2 20. Rab1 Nxe1 21. Qxe1 Bd7 22. Qe2 Re8 23. b3 Bc6 24. Re1 e5 25. Qd3 Re6 26. Re3 Qf4 27. Re1 Rg6+ 28. Kf1 a6 29. a4 Qxh2 30. b4 Rg2 0-1

[Event "NAYCC U14 w"]
[Site "Toronto CAN"]
[Date "2013.08.16"]
[Round "4"]
[White "Ravishankar, Rakshaa"]
[Black "Cherepakhin, Olga"]
[Result "0-1"]
[WhiteElo "1431"]
[BlackElo "1669"]
[PlyCount "102"]
[GameId "2160767909284228"]
[EventDate "2013.08.14"]
[EventType "swiss"]
[EventRounds "9"]
[EventCountry "CAN"]
[SourceTitle "hb 2013"]

1. e4 e5 2. Nf3 Nc6 3. Bb5 a6 4. Ba4 d6 5. O-O g6 6. d4 b5 7. Bb3 Bg4 8. Bxf7+ Kxf7 9. Ng5+ Qxg5 10. Bxg5 Bxd1 11. Rxd1 Nxd4 12. Rd2 Bh6 13. Bxh6 Nxh6 14. c3 Ne6 15. Na3 Ke7 16. Nc2 a5 17. Ne3 c6 18. Rad1 Nf7 19. b3 Rhd8 20. f3 Ra7 21. Kf2 Rad7 22. h4 Nc7 23. c4 b4 24. g3 Ne6 25. Nc2 c5 26. Ne3 Nd4 27. Nd5+ Ke6 28. f4 Rf8 29. Ke3 Nh6 30. Rf1 Ng4+ 31. Kd3 h6 32. Rg2 Rdf7 33. Rb2 Nf6 34. Ne3 Nh5 35. Rbf2 Nxg3 36. Rg1 exf4 37. Nd5 Ke5 38. Rgg2 Nxe4 39. Rf1 f3 40. Rg4 Nf6 41. Nxf6 Kxf6 42. Re4 Kg7 43. Re3 f2 44. Rg3 Rf3+ 45. Rxf3 Rxf3+ 46. Kd2 Kf6 47. Kd1 Kf5 48. Kd2 Kf4 49. Kd1 Kg3 50. Kd2 Kg2 51. Rc1 f1=Q 0-1

[Event "NAYCC U14 w"]
[Site "Toronto CAN"]
[Date "2013.08.16"]
[Round "4"]
[White "Thanabalachandran, Luxiga"]
[Black "Gao, Christine"]
[Result "1/2-1/2"]
[WhiteElo "1030"]
[BlackElo "1472"]
[PlyCount "59"]
[GameId "2160767909284229"]
[EventDate "2013.08.14"]
[EventType "swiss"]
[EventRounds "9"]
[EventCountry "CAN"]
[SourceTitle "hb 2013"]

1. e4 c5 2. c3 Nf6 3. e5 Nd5 4. Nf3 g6 5. d4 cxd4 6. cxd4 Bg7 7. Nc3 Nb6 8. Be2 d5 9. O-O O-O 10. Re1 Nc6 11. h3 f6 12. Bb5 fxe5 13. Bxc6 bxc6 14. Nxe5 Qc7 15. Bg5 Bf6 16. Bxf6 exf6 17. Nf3 Ba6 18. Na4 Nxa4 19. Qxa4 Qb6 20. Qb3 Qc7 21. Rac1 Qd6 22. Qc3 Rac8 23. Qc5 Qxc5 24. Rxc5 Kf7 25. Nd2 Rb8 26. b3 Rb6 27. g4 Rb4 28. Nf3 Bd3 29. Rec1 Rb6 30. Ne1 1/2-1/2

[Event "NAYCC U14 w"]
[Site "Toronto CAN"]
[Date "2013.08.16"]
[Round "4"]
[White "Wang, Sophie"]
[Black "Dhingra, Sangeeta"]
[Result "1/2-1/2"]
[WhiteElo "1346"]
[BlackElo "1803"]
[PlyCount "91"]
[GameId "2160767909284230"]
[EventDate "2013.08.14"]
[EventType "swiss"]
[EventRounds "9"]
[EventCountry "CAN"]
[SourceTitle "hb 2013"]

1. e4 c5 2. Nc3 e6 3. f4 Nc6 4. Nf3 d6 5. Bc4 g6 6. O-O Nge7 7. d3 Bg7 8. Qe1 O-O 9. Qh4 Nd4 10. Nxd4 Bxd4+ 11. Kh1 f5 12. Ne2 Bf6 13. Qh3 d5 14. Bb3 b5 15. e5 Bg7 16. c3 b4 17. d4 Ba6 18. Re1 Bxe2 19. Rxe2 cxd4 20. cxd4 Nc6 21. Be3 Qb6 22. Rd2 Na5 23. Rc1 Nxb3 24. axb3 Qa6 25. Bf2 Rac8 26. Rb1 Rc7 27. Qd3 Qb6 28. Rc2 Rfc8 29. Rbc1 Bh6 30. Rxc7 Rxc7 31. Rxc7 Qxc7 32. Qd2 Qb6 33. h3 a5 34. g4 fxg4 35. hxg4 Qc7 36. Bh4 Qc6 37. Be7 Qb5 38. Kg2 Qd7 39. Bf6 Bf8 40. Qd3 Qe8 41. Qd1 Qc6 42. Kf2 Qc7 43. Ke3 h6 44. Kd2 Kf7 45. Qe2 Qd7 46. Kd1 1/2-1/2

[Event "NAYCC U14 w"]
[Site "Toronto CAN"]
[Date "2013.08.16"]
[Round "4"]
[White "Yu, Cindy"]
[Black "Roque, Fernanda"]
[Result "1-0"]
[WhiteElo "1332"]
[BlackElo "1544"]
[PlyCount "55"]
[GameId "2160767909284231"]
[EventDate "2013.08.14"]
[EventType "swiss"]
[EventRounds "9"]
[EventCountry "CAN"]
[SourceTitle "hb 2013"]

1. e4 c5 2. Nf3 Nc6 3. d4 cxd4 4. Nxd4 g6 5. c4 Bg7 6. Be3 Nf6 7. Nc3 O-O 8. Be2 d6 9. O-O Ne5 10. f3 Bd7 11. Qd2 h5 12. Bh6 Qc8 13. Bxg7 Kxg7 14. b3 Qc5 15. Kh1 Rac8 16. Nd5 Nxd5 17. exd5 h4 18. h3 f6 19. f4 Nf7 20. f5 gxf5 21. Nxf5+ Bxf5 22. Rxf5 Rh8 23. Bd3 Ne5 24. Rf4 Rcg8 25. Bf5 Kf8 26. Be6 Rg3 27. Qd4 Qa3 28. Rxh4 1-0

[Event "NAYCC U14 w"]
[Site "Toronto CAN"]
[Date "2013.08.16"]
[Round "4"]
[White "Zhou, Qiyu"]
[Black "Tao, Rachel"]
[Result "1-0"]
[WhiteElo "2119"]
[BlackElo "1659"]
[PlyCount "79"]
[GameId "2160767909284233"]
[EventDate "2013.08.14"]
[EventType "swiss"]
[EventRounds "9"]
[EventCountry "CAN"]
[SourceTitle "EXT 2022"]
[Source "ChessBase"]
[SourceDate "2021.10.06"]
[SourceVersion "1"]
[SourceVersionDate "2021.10.06"]
[SourceQuality "1"]

1. e4 c5 2. Nf3 Nc6 3. d4 cxd4 4. Nxd4 Qb6 5. Nb3 Nf6 6. Nc3 e6 7. Be3 Qc7 8. Be2 a6 9. Qd2 Be7 10. f4 d6 11. O-O O-O 12. a4 b6 13. Bf3 Rd8 14. Rfd1 Bb7 15. Qf2 Nd7 16. Rd2 Rac8 17. Rad1 Nb4 18. Rd4 Nc6 19. R4d2 Nb4 20. Bd4 Nc5 21. Qg3 Bf8 22. f5 d5 23. Be5 Qd7 24. Bxg7 f6 25. Bxf6+ Bg7 26. Nxc5 bxc5 27. fxe6 Qc7 28. Qxc7 Rxc7 29. Bxd8 Rc6 30. e7 Re6 31. Bh5 Bd4+ 32. Rxd4 cxd4 33. e8=Q+ Rxe8 34. Bxe8 dxc3 35. bxc3 Nxc2 36. exd5 Ne3 37. Re1 Nxd5 38. c4 Nf4 39. Bg5 Nd3 40. Re7 1-0

[Event "NAYCC U14 w"]
[Site "Toronto CAN"]
[Date "2013.08.16"]
[Round "5"]
[White "Cherepakhin, Olga"]
[Black "Pobereshnikova, Agniya"]
[Result "0-1"]
[WhiteElo "1669"]
[BlackElo "1547"]
[PlyCount "116"]
[GameId "2160767909284234"]
[EventDate "2013.08.14"]
[EventType "swiss"]
[EventRounds "9"]
[EventCountry "CAN"]
[SourceTitle "EXT 2022"]
[Source "ChessBase"]
[SourceDate "2021.10.06"]
[SourceVersion "1"]
[SourceVersionDate "2021.10.06"]
[SourceQuality "1"]

1. e4 d5 2. exd5 Nf6 3. Bc4 Nxd5 4. Nf3 Nb6 5. Bb3 g6 6. d4 Bg7 7. O-O Bg4 8. c3 O-O 9. h3 Bf5 10. Bf4 N8d7 11. Re1 c5 12. dxc5 Nxc5 13. Qxd8 Raxd8 14. Bc7 Rd7 15. Bxb6 Nxb3 16. axb3 axb6 17. Na3 e6 18. Nc4 b5 19. Nce5 Rd6 20. Nd4 Rd5 21. Nxf5 exf5 22. Nf3 b4 23. c4 Rd3 24. Ne5 Rxb3 25. Rab1 Re8 26. Nd7 Rxe1+ 27. Rxe1 h5 28. Nc5 Rxb2 29. Nxb7 Bd4 30. Re8+ Kg7 31. Rd8 Bxf2+ 32. Kf1 Bg3 33. Rd3 Be5 34. Na5 Bc7 35. Rb3 Rxb3 36. Nxb3 Kf6 37. h4 Bg3 38. c5 Bxh4 39. Ke2 Ke5 40. Kd3 Kd5 41. Ke3 Be7 42. c6 Kxc6 43. Nd4+ Kd5 44. Kd3 Bf6 45. Nb3 g5 46. Nd2 h4 47. Ke3 f4+ 48. Kf3 Kd4 49. Nb3+ Kc3 50. Na5 b3 51. Nxb3 Kxb3 52. Kg4 Kc3 53. Kh3 Kd3 54. Kh2 f3 55. g4 Ke2 56. Kh3 f2 57. Kh2 Be5+ 58. Kh1 f1=Q# 0-1

[Event "NAYCC U14 w"]
[Site "Toronto CAN"]
[Date "2013.08.16"]
[Round "5"]
[White "Dhingra, Sangeeta"]
[Black "Yu, Cindy"]
[Result "0-1"]
[WhiteElo "1803"]
[BlackElo "1332"]
[PlyCount "59"]
[GameId "2160767909284235"]
[EventDate "2013.08.14"]
[EventType "swiss"]
[EventRounds "9"]
[EventCountry "CAN"]
[SourceTitle "EXT 2022"]
[Source "ChessBase"]
[SourceDate "2021.10.06"]
[SourceVersion "1"]
[SourceVersionDate "2021.10.06"]
[SourceQuality "1"]

1. e4 e5 2. Nf3 Nc6 3. Bc4 Be7 4. d4 exd4 5. Nxd4 Ne5 6. Bb3 Nf6 7. Nf5 O-O 8. Nxe7+ Qxe7 9. Nc3 Ng6 10. f3 c6 11. O-O d6 12. Qe1 Be6 13. Bd2 Bxb3 14. axb3 d5 15. Bg5 h6 16. Bxf6 Qxf6 17. exd5 cxd5 18. Kh1 d4 19. Ne4 Qc6 20. Qf2 Rfd8 21. Rfd1 Qb6 22. Ra4 Qc7 23. Raxd4 Rxd4 24. Rxd4 Qa5 25. Qf1 Rc8 26. Qd1 Kh7 27. Nc3 Re8 28. h3 Qg5 29. Ne4 Qa5 30. Nd6 0-1

[Event "NAYCC U14 w"]
[Site "Toronto CAN"]
[Date "2013.08.16"]
[Round "5"]
[White "Ding, Kimberly"]
[Black "Zhou, Qiyu"]
[Result "0-1"]
[WhiteElo "2012"]
[BlackElo "2119"]
[PlyCount "96"]
[GameId "2160767909284236"]
[EventDate "2013.08.14"]
[EventType "swiss"]
[EventRounds "9"]
[EventCountry "CAN"]
[SourceTitle "EXT 2022"]
[Source "ChessBase"]
[SourceDate "2021.10.06"]
[SourceVersion "1"]
[SourceVersionDate "2021.10.06"]
[SourceQuality "1"]

1. e4 e5 2. Nf3 Nc6 3. Bb5 a6 4. Ba4 Nf6 5. O-O Be7 6. Re1 b5 7. Bb3 d6 8. c3 O-O 9. h3 h6 10. d4 Re8 11. Nbd2 Bf8 12. Bc2 Bb7 13. a3 Nb8 14. Nf1 exd4 15. Qxd4 c5 16. Qd1 Nxe4 17. Bf4 Qf6 18. Bh2 Nd7 19. Qd3 c4 20. Qd4 Qxd4 21. Nxd4 Ndc5 22. Rad1 g6 23. Ne3 Nf6 24. Ne2 Rad8 25. Rd2 Be4 26. Red1 Bd3 27. Bxd3 Nxd3 28. Nf4 Ne4 29. Rc2 Nec5 30. Nxd3 Nxd3 31. Nd5 Kg7 32. Nc7 Re7 33. Nxa6 Rde8 34. Bg3 Re2 35. Rcd2 Nxb2 36. Rxe2 Rxe2 37. Rd5 Na4 38. Rxb5 Nxc3 39. Ra5 Ne4 40. Rd5 c3 41. Rd1 c2 42. Rc1 Nxg3 43. fxg3 Rd2 44. Kh2 d5 45. Nb4 Bxb4 46. axb4 d4 47. b5 d3 48. b6 Re2 0-1

[Event "NAYCC U14 w"]
[Site "Toronto CAN"]
[Date "2013.08.16"]
[Round "5"]
[White "Peng, Janet"]
[Black "Xiang, Evan"]
[Result "0-1"]
[WhiteElo "1479"]
[BlackElo "1944"]
[PlyCount "126"]
[GameId "2160767909284238"]
[EventDate "2013.08.14"]
[EventType "swiss"]
[EventRounds "9"]
[EventCountry "CAN"]
[SourceTitle "EXT 2022"]
[Source "ChessBase"]
[SourceDate "2021.10.06"]
[SourceVersion "1"]
[SourceVersionDate "2021.10.06"]
[SourceQuality "1"]

1. d4 Nf6 2. Nf3 g6 3. Bf4 Bg7 4. e3 O-O 5. h3 d5 6. c4 c5 7. Nc3 cxd4 8. Nxd4 Nc6 9. Be2 Nxd4 10. exd4 dxc4 11. Bxc4 Bf5 12. O-O Rc8 13. Be2 Ne4 14. Nxe4 Bxe4 15. Be3 Qb6 16. b3 Rfd8 17. Rc1 Rxc1 18. Qxc1 Bxd4 19. Bg5 Bf6 20. Re1 Bxg5 21. Qxg5 Qb4 22. Rc1 Qd2 23. Qxd2 Rxd2 24. Bc4 Kf8 25. a3 Bc6 26. Rc3 e5 27. Rd3 Rxd3 28. Bxd3 Ke7 29. g3 Kd6 30. Kf1 e4 31. Bc2 Ke5 32. Ke2 f5 33. Ke3 g5 34. b4 f4+ 35. gxf4+ gxf4+ 36. Ke2 h5 37. a4 h4 38. b5 Bd5 39. Kf1 b6 40. Bd1 Kd4 41. Bc2 Kc3 42. Bd1 Kd2 43. Bg4 Bb3 44. Bf5 Bxa4 45. Bxe4 Bxb5+ 46. Kg2 Be2 47. Bc6 b5 48. Bd5 b4 49. Bb3 f3+ 50. Kg1 Kc3 51. Bd5 b3 52. Bxb3 Kxb3 53. Kh1 Bf1 54. Kh2 Bxh3 55. Kxh3 a5 56. Kxh4 a4 57. Kg3 a3 58. Kxf3 a2 59. Kg4 a1=Q 60. f4 Qf6 61. f5 Kc4 62. Kf4 Kd4 63. Kg4 Ke5 0-1

[Event "NAYCC U14 w"]
[Site "Toronto CAN"]
[Date "2013.08.16"]
[Round "5"]
[White "Ravishankar, Rakshaa"]
[Black "Kulkarni, Soumya"]
[Result "0-1"]
[WhiteElo "1431"]
[BlackElo "1769"]
[PlyCount "188"]
[GameId "2160767909284239"]
[EventDate "2013.08.14"]
[EventType "swiss"]
[EventRounds "9"]
[EventCountry "CAN"]
[SourceTitle "EXT 2022"]
[Source "ChessBase"]
[SourceDate "2021.10.06"]
[SourceVersion "1"]
[SourceVersionDate "2021.10.06"]
[SourceQuality "1"]

1. e4 e5 2. Nf3 Nc6 3. Bb5 a6 4. Ba4 Nf6 5. O-O b5 6. Bb3 Bc5 7. d3 d6 8. h3 h6 9. Nc3 O-O 10. Bd2 Na5 11. Ne2 Nxb3 12. axb3 Re8 13. Qe1 c6 14. c4 Be6 15. Bb4 Bxb4 16. Qxb4 c5 17. Qd2 Qb6 18. Rfc1 Reb8 19. Rc2 Kf8 20. Rac1 b4 21. Nh2 a5 22. Ra1 Ra7 23. f4 Rba8 24. Nf3 Qc7 25. Rcc1 a4 26. bxa4 Rxa4 27. Rxa4 Rxa4 28. b3 Ra3 29. Qb2 Qa7 30. fxe5 Ra2 31. Qb1 dxe5 32. Re1 Nd7 33. Nc1 Ra6 34. Re2 Ra1 35. Qc2 Ra3 36. Qd1 f6 37. Rb2 Kf7 38. Qd2 Nf8 39. Ra2 Ng6 40. Rxa3 Qxa3 41. Qc2 Nf4 42. Kf2 Bd7 43. Nd2 Bxh3 44. gxh3 Nxh3+ 45. Ke1 Nf4 46. Kd1 Qa1 47. Nf3 g5 48. Qa2 Qxa2 49. Nxa2 Nxd3 50. Kd2 Nf4 51. Nh2 h5 52. Nc1 g4 53. Ne2 Kg6 54. Ke3 Kg5 55. Ng3 h4 56. Nf5 Ng6 57. Ng7 g3 58. Nf3+ Kg4 59. Nf5 h3 60. Nh6+ Kh5 61. Nf5 g2 62. Kf2 Nf4 63. Ng3+ Kg4 64. Nh2+ Kg5 65. Nf3+ Kg6 66. Nh4+ Kf7 67. Nf3 Nd3+ 68. Kg1 Nc1 69. Nd2 Kg6 70. Kf2 Kg5 71. Nf3+ Kf4 72. Nh5+ Kxe4 73. Nxf6+ Kf5 74. Nd5 e4 75. Ne3+ Kf6 76. Ng4+ Ke6 77. Nfe5 e3+ 78. Kg1 e2 79. Nf3 Nd3 80. Nf2 e1=Q+ 81. Nxe1 Nxe1 82. Nxh3 Nf3+ 83. Kf2 g1=Q+ 84. Nxg1 Nxg1 85. Kxg1 Ke5 86. Kf2 Kd4 87. Ke2 Kc3 88. Kd1 Kxb3 89. Kd2 Ka2 90. Kc2 b3+ 91. Kc1 b2+ 92. Kc2 b1=Q+ 93. Kc3 Qb4+ 94. Kd3 Kb3 0-1

[Event "NAYCC U14 w"]
[Site "Toronto CAN"]
[Date "2013.08.16"]
[Round "5"]
[White "Roque, Fernanda"]
[Black "Serban, Diana"]
[Result "1/2-1/2"]
[WhiteElo "1544"]
[BlackElo "1253"]
[PlyCount "74"]
[GameId "2160767909284240"]
[EventDate "2013.08.14"]
[EventType "swiss"]
[EventRounds "9"]
[EventCountry "CAN"]

1. c4 Nf6 2. Nc3 g6 3. Nf3 Bg7 4. g3 O-O 5. Bg2 Nc6 6. O-O d6 7. d4 Re8 8. a3 e5 9. d5 Ne7 10. e4 Nh5 11. Nh4 f5 12. exf5 Nf6 13. fxg6 Nxg6 14. Nxg6 hxg6 15. Bg5 Bf5 16. f4 Qe7 17. Re1 Qf7 18. fxe5 Nh7 19. e6 Qf8 20. Be3 a6 21. g4 Bxe6 22. dxe6 c6 23. Bd4 Ng5 24. Bxg7 Kxg7 25. Qb3 Rab8 26. e7 Rxe7 27. Qd1 Rc8 28. Rf1 Rf7 29. Rxf7+ Nxf7 30. Qd4+ Kg8 31. Qf6 Qg7 32. Qxg7+ Kxg7 33. Kf2 Ne5 34. Bf3 Rf8 35. Kg2 Nxf3 36. Rd1 Ne5 37. Rxd6 Nxc4 1/2-1/2

[Event "NAYCC U14 w"]
[Site "Toronto CAN"]
[Date "2013.08.16"]
[Round "5"]
[White "Tao, Rachel"]
[Black "Li, Kristen"]
[Result "0-1"]
[WhiteElo "1659"]
[BlackElo "1626"]
[PlyCount "60"]
[GameId "2160767909284242"]
[EventDate "2013.08.14"]
[EventType "swiss"]
[EventRounds "9"]
[EventCountry "CAN"]
[SourceTitle "EXT 2022"]
[Source "ChessBase"]
[SourceDate "2021.10.06"]
[SourceVersion "1"]
[SourceVersionDate "2021.10.06"]
[SourceQuality "1"]

1. e4 c5 2. Nf3 d6 3. d4 cxd4 4. Nxd4 Nf6 5. Nc3 a6 6. f3 e5 7. Nb3 Be6 8. Be3 Be7 9. Qd2 h5 10. O-O-O Nbd7 11. Kb1 Rc8 12. Be2 b5 13. h4 Nb6 14. Bg5 Nc4 15. Bxc4 Bxc4 16. Rhe1 O-O 17. g3 b4 18. Ne2 Bxb3 19. cxb3 Qa5 20. f4 Nxe4 21. Qd5 Qxd5 22. Rxd5 f6 23. fxe5 fxg5 24. hxg5 dxe5 25. Rxe5 Nd2+ 26. Ka1 Nf3 27. Rxe7 Nxe1 28. Re3 Rfe8 29. Rxe8+ Rxe8 30. Nd4 Rd8 0-1

[Event "NAYCC U14 w"]
[Site "Toronto CAN"]
[Date "2013.08.16"]
[Round "5"]
[White "Thanabalachandran, Luxiga"]
[Black "Kathirkamar, Vaanie"]
[Result "1-0"]
[WhiteElo "1030"]
[BlackElo "1001"]
[PlyCount "93"]
[GameId "2160767909284243"]
[EventDate "2013.08.14"]
[EventType "swiss"]
[EventRounds "9"]
[EventCountry "CAN"]
[SourceTitle "EXT 2022"]
[Source "ChessBase"]
[SourceDate "2021.10.06"]
[SourceVersion "1"]
[SourceVersionDate "2021.10.06"]
[SourceQuality "1"]

1. e4 e5 2. Nf3 Nc6 3. Nc3 Nf6 4. Bb5 Bb4 5. d3 O-O 6. Bxc6 bxc6 7. Nxe5 d5 8. Nxc6 Bxc3+ 9. bxc3 Qd6 10. exd5 Nxd5 11. Na5 Nxc3 12. Qf3 Be6 13. Nb3 Rfe8 14. O-O Nd5 15. Bb2 Bc8 16. c4 Bb7 17. cxd5 Bxd5 18. Qg3 Qh6 19. Rfe1 f6 20. Qxc7 Bxb3 21. axb3 Qd2 22. Rxe8+ Rxe8 23. Qc4+ Kh8 24. Bc3 Qc2 25. Bd4 Qe2 26. Be3 h6 27. h3 Qh5 28. Rxa7 f5 29. Qf7 Qxf7 30. Rxf7 Rb8 31. d4 Rxb3 32. Rd7 Kg8 33. Rc7 Rb1+ 34. Rc1 Rxc1+ 35. Bxc1 Kf8 36. Bb2 g6 37. Kf1 Ke7 38. Ke2 h5 39. Ke3 g5 40. f3 Kd6 41. g3 Ke6 42. Kd3 Kd5 43. Ba1 Kc6 44. Kc4 g4 45. hxg4 hxg4 46. d5+ Kd7 47. fxg4 1-0

[Event "NAYCC U14 w"]
[Site "Toronto CAN"]
[Date "2013.08.17"]
[Round "6"]
[White "Cherepakhin, Olga"]
[Black "Thanabalachandran, Luxiga"]
[Result "1-0"]
[WhiteElo "1669"]
[BlackElo "1030"]
[PlyCount "85"]
[GameId "2160767909284244"]
[EventDate "2013.08.14"]
[EventType "swiss"]
[EventRounds "9"]
[EventCountry "CAN"]
[SourceTitle "EXT 2022"]
[Source "ChessBase"]
[SourceDate "2021.10.06"]
[SourceVersion "1"]
[SourceVersionDate "2021.10.06"]
[SourceQuality "1"]

1. e4 e6 2. d4 d5 3. exd5 exd5 4. Bd3 Nf6 5. Ne2 c5 6. c3 Nc6 7. Bf4 Qb6 8. Qb3 Qxb3 9. axb3 Be7 10. O-O O-O 11. Nd2 Be6 12. h3 b6 13. Nf3 Rac8 14. Ba6 Rcd8 15. Bb5 Na5 16. dxc5 bxc5 17. Rxa5 Bd6 18. Bxd6 Rxd6 19. Rxa7 Rb6 20. Ba4 c4 21. Ned4 cxb3 22. Bxb3 Rfb8 23. Rfa1 h6 24. Ra8 Rxa8 25. Rxa8+ Kh7 26. Ra2 Rb8 27. Bc2+ Kg8 28. Nxe6 fxe6 29. Ne5 Ne4 30. Bxe4 dxe4 31. b4 Rb5 32. Ra5 Rb8 33. b5 g5 34. c4 Rc8 35. Nc6 Kf7 36. Ra7+ Kf6 37. Ra5 e5 38. b6 Rxc6 39. b7 Rb6 40. Rb5 Rxb5 41. cxb5 Kf5 42. b8=Q Kf4 43. Qf8# 1-0

[Event "NAYCC U14 w"]
[Site "Toronto CAN"]
[Date "2013.08.17"]
[Round "6"]
[White "Kulkarni, Soumya"]
[Black "Yu, Cindy"]
[Result "1-0"]
[WhiteElo "1769"]
[BlackElo "1332"]
[PlyCount "77"]
[GameId "2160767909284245"]
[EventDate "2013.08.14"]
[EventType "swiss"]
[EventRounds "9"]
[EventCountry "CAN"]
[SourceTitle "EXT 2022"]
[Source "ChessBase"]
[SourceDate "2021.10.06"]
[SourceVersion "1"]
[SourceVersionDate "2021.10.06"]
[SourceQuality "1"]

1. d4 Nf6 2. Nf3 g6 3. Nc3 Bg7 4. e4 d6 5. h3 Nbd7 6. Bf4 O-O 7. Qd2 Re8 8. Bc4 e5 9. dxe5 dxe5 10. Nxe5 Nxe5 11. Qxd8 Rxd8 12. Bxe5 Re8 13. Bxf6 Bxf6 14. f3 Be6 15. Bxe6 Rxe6 16. Nd5 Be5 17. O-O-O c6 18. Nb4 Rd6 19. Rxd6 Bxd6 20. Nd3 f6 21. c3 Rd8 22. Rd1 Kf7 23. Nc5 Bf4+ 24. Kc2 Rxd1 25. Kxd1 b6 26. Nd3 Bd6 27. Kc2 g5 28. Kb3 h5 29. Nb4 Bxb4 30. Kxb4 Ke6 31. Kc4 Ke5 32. g3 h4 33. gxh4 gxh4 34. Kd3 Kf4 35. Ke2 Kg3 36. b3 Kxh3 37. Kf2 Kh2 38. f4 h3 39. e5 1-0

[Event "NAYCC U14 w"]
[Site "Toronto CAN"]
[Date "2013.08.17"]
[Round "6"]
[White "Peng, Janet"]
[Black "Gao, Christine"]
[Result "1/2-1/2"]
[WhiteElo "1479"]
[BlackElo "1472"]
[PlyCount "44"]
[GameId "2160767909284246"]
[EventDate "2013.08.14"]
[EventType "swiss"]
[EventRounds "9"]
[EventCountry "CAN"]
[SourceTitle "EXT 2022"]
[Source "ChessBase"]
[SourceDate "2021.10.06"]
[SourceVersion "1"]
[SourceVersionDate "2021.10.06"]
[SourceQuality "1"]

1. d4 Nf6 2. Nf3 e6 3. Bg5 Be7 4. e3 O-O 5. Be2 d5 6. c4 b6 7. Nc3 Bb7 8. Bxf6 Bxf6 9. cxd5 exd5 10. b4 c5 11. bxc5 bxc5 12. Qb3 Bc6 13. dxc5 Nd7 14. Qa3 Qe7 15. O-O Qxc5 16. Qxc5 Nxc5 17. Rac1 Ne6 18. Rfd1 Rfd8 19. Nb5 Bxb5 20. Bxb5 d4 21. exd4 Nxd4 22. Nxd4 Bxd4 1/2-1/2

[Event "NAYCC U14 w"]
[Site "Toronto CAN"]
[Date "2013.08.17"]
[Round "6"]
[White "Serban, Diana"]
[Black "Dhingra, Sangeeta"]
[Result "1/2-1/2"]
[WhiteElo "1253"]
[BlackElo "1803"]
[PlyCount "56"]
[GameId "2160767909284247"]
[EventDate "2013.08.14"]
[EventType "swiss"]
[EventRounds "9"]
[EventCountry "CAN"]
[SourceTitle "EXT 2022"]
[Source "ChessBase"]
[SourceDate "2021.10.06"]
[SourceVersion "1"]
[SourceVersionDate "2021.10.06"]
[SourceQuality "1"]

1. d4 Nf6 2. c4 e6 3. Nf3 d5 4. Bg5 Be7 5. Nc3 b6 6. e3 Bb7 7. Bd3 Nbd7 8. O-O h6 9. Bh4 O-O 10. Rc1 Ne4 11. Bxe7 Qxe7 12. cxd5 exd5 13. Qc2 Ndf6 14. a3 Nxc3 15. Qxc3 Rac8 16. Rc2 Ne4 17. Bxe4 dxe4 18. Nd2 f5 19. Rfc1 Kh7 20. b4 h5 21. Nc4 h4 22. Ne5 h3 23. g3 Qg5 24. Qb3 Qe7 25. Nc6 Bxc6 26. Rxc6 Rf6 27. Kf1 Rd6 28. Qc4 Rxc6 1/2-1/2

[Event "NAYCC U14 w"]
[Site "Toronto CAN"]
[Date "2013.08.17"]
[Round "6"]
[White "Tao, Rachel"]
[Black "Ravishankar, Rakshaa"]
[Result "0-1"]
[WhiteElo "1659"]
[BlackElo "1431"]
[PlyCount "150"]
[GameId "2160767909284248"]
[EventDate "2013.08.14"]
[EventType "swiss"]
[EventRounds "9"]
[EventCountry "CAN"]
[SourceTitle "EXT 2022"]
[Source "ChessBase"]
[SourceDate "2021.10.06"]
[SourceVersion "1"]
[SourceVersionDate "2021.10.06"]
[SourceQuality "1"]

1. e4 e6 2. d4 d5 3. exd5 exd5 4. Bd3 Bd6 5. h3 Nf6 6. Nf3 c6 7. O-O O-O 8. Re1 Nbd7 9. Bg5 Re8 10. Nbd2 h6 11. Bh4 a5 12. c4 dxc4 13. Nxc4 Rxe1+ 14. Qxe1 Bb4 15. Qe2 Nf8 16. a3 Be7 17. Re1 Be6 18. Bf5 Nd5 19. Bxe7 Qxe7 20. Be4 Nf6 21. Nb6 Rd8 22. Qd2 Qc7 23. Qxa5 N6d7 24. Nc4 Qb8 25. Qc3 Nf6 26. Nce5 Qc7 27. b4 Qb6 28. Qc5 N8d7 29. Qxb6 Nxb6 30. Bc2 Nfd5 31. Bb3 Kf8 32. Nd3 Re8 33. Nc5 Re7 34. Nxe6+ fxe6 35. Ne5 Re8 36. Nd3 Nd7 37. f3 Kf7 38. Kf2 Nc3 39. Rc1 Nb5 40. Ke3 Nxa3 41. Ra1 Nb5 42. Bc4 Nd6 43. Nb2 Nb6 44. Kd3 Ra8 45. Rxa8 Nxa8 46. Kc3 Nb6 47. g4 Ke7 48. Ba2 Nd5+ 49. Bxd5 exd5 50. Nd3 Nb5+ 51. Kd2 Nxd4 52. Ke3 Nb5 53. Nc5 Nd6 54. Kd4 b6 55. Na4 Nc4 56. Nc3 Kd6 57. f4 c5+ 58. bxc5+ bxc5+ 59. Kd3 Nb2+ 60. Kc2 Nc4 61. Kd3 Kc6 62. h4 Nb2+ 63. Kc2 d4 64. Kxb2 dxc3+ 65. Kxc3 Kd5 66. h5 Ke4 67. g5 Kxf4 68. gxh6 gxh6 69. Kc4 Kg5 70. Kxc5 Kxh5 71. Kd4 Kg4 72. Ke3 Kg3 73. Ke2 Kg2 74. Ke3 h5 75. Kf4 h4 0-1

[Event "NAYCC U14 w"]
[Site "Toronto CAN"]
[Date "2013.08.17"]
[Round "6"]
[White "Wang, Sophie"]
[Black "Roque, Fernanda"]
[Result "0-1"]
[WhiteElo "1346"]
[BlackElo "1544"]
[PlyCount "80"]
[GameId "2160767909284249"]
[EventDate "2013.08.14"]
[EventType "swiss"]
[EventRounds "9"]
[EventCountry "CAN"]

1. e4 c5 2. Nc3 Nc6 3. f4 g6 4. Nf3 Bg7 5. Bc4 d6 6. O-O Nf6 7. d3 O-O 8. Qe1 a6 9. a4 Nb4 10. Bb3 b5 11. axb5 Rb8 12. bxa6 Bxa6 13. Qe2 Qb6 14. Kh1 Ra8 15. Bd2 e6 16. Na4 Qb7 17. Bxb4 Qxb4 18. Qd2 Qb7 19. e5 dxe5 20. Nxc5 Qb6 21. Nxa6 e4 22. Ng5 Rxa6 23. Rxa6 Qxa6 24. Bc4 Qc6 25. b4 exd3 26. Qxd3 Rc8 27. Bb3 Rb8 28. c3 Nd5 29. Bxd5 exd5 30. Rf3 Rc8 31. b5 Qxc3 32. Qxc3 Bxc3 33. f5 Bf6 34. Nh3 Rc1+ 35. Ng1 Bd4 36. h3 Bxg1 37. fxg6 hxg6 38. Rb3 Bb6+ 39. Kh2 d4 40. Kg3 Rc3+ 0-1